|
|
|
|
| LEADER |
03113nam a2200361 a 4500 |
| 001 |
GR-Patra30846 |
| 003 |
GR-PaULI |
| 005 |
20230320125456.0 |
| 008 |
120309s2013 gr a g 001 0 gre d |
| 952 |
|
|
|0 0
|1 0
|2 ddc
|4 0
|6 616_075700000000000_ΑΛΕ
|7 0
|9 313209
|a LISK
|b LISK
|c EUD
|d 2021-01-17
|e 24
|f 2
|g 0.00
|l 0
|o 616.0757 ΑΛΕ
|p 92410054959
|r 2021-01-17 00:00:00
|t 1
|w 2021-01-17
|y BK15
|x 20130208 0 1
|x GrPaTEI
|
| 952 |
|
|
|0 0
|1 0
|2 ddc
|4 0
|6 616_075700000000000_ΑΛΕ
|7 0
|9 313210
|a LISK
|b LISK
|c EUD
|d 2021-01-17
|e 24
|f 0
|g 0.00
|l 0
|o 616.0757 ΑΛΕ
|p 92410054960
|r 2021-01-17 00:00:00
|t 1
|w 2021-01-17
|y BK15
|x 20130208 0 1
|x GrPaTEI
|
| 952 |
|
|
|0 0
|1 0
|2 ddc
|4 0
|6 616_075700000000000_ΑΛΕ
|7 0
|9 313211
|a LISK
|b LISK
|c EUD
|d 2021-01-17
|e 24
|f 0
|g 0.00
|l 0
|o 616.0757 ΑΛΕ
|p 92410054961
|r 2021-01-17 00:00:00
|t 1
|w 2021-01-17
|y BK15
|x 20130208 0 1
|x GrPaTEI
|
| 952 |
|
|
|0 0
|1 0
|2 ddc
|4 0
|6 616_075700000000000_ΑΛΕ
|7 0
|9 313212
|a LISK
|b LISK
|c EUD
|d 2021-01-17
|e 24
|f 0
|g 0.00
|l 0
|o 616.0757 ΑΛΕ
|p 92410054962
|r 2021-01-17 00:00:00
|t 1
|w 2021-01-17
|y BK15
|x 20130208 0 1
|x GrPaTEI
|
| 952 |
|
|
|0 0
|1 0
|2 ddc
|4 0
|6 616_075700000000000_ΑΛΕ
|7 0
|9 313213
|a LISK
|b LISK
|c EUD
|d 2021-01-17
|e 24
|f 0
|g 0.00
|l 0
|o 616.0757 ΑΛΕ
|p 92410054963
|r 2021-01-17 00:00:00
|t 1
|w 2021-01-17
|y BK15
|x 20130208 0 1
|x GrPaTEI
|
| 952 |
|
|
|0 0
|1 0
|2 ddc
|4 0
|6 616_075700000000000_ΑΛΕ
|7 0
|9 313214
|a LISK
|b LISK
|c EUD
|d 2021-01-17
|e 24
|f 0
|g 0.00
|l 0
|o 616.0757 ΑΛΕ
|p 92410054964
|r 2021-01-17 00:00:00
|t 1
|w 2021-01-17
|y BK15
|x 20130208 0 1
|x GrPaTEI
|
| 952 |
|
|
|0 0
|1 0
|2 ddc
|4 0
|6 616_075700000000000_ΑΛΕ
|7 0
|9 313215
|a LISK
|b LISK
|c EUD
|d 2021-01-17
|e 24
|f 0
|g 0.00
|l 0
|o 616.0757 ΑΛΕ
|p 92410054965
|r 2021-01-17 00:00:00
|t 1
|w 2021-01-17
|y BK15
|x 20130208 0 1
|x GrPaTEI
|
| 952 |
|
|
|0 0
|1 0
|2 ddc
|4 0
|6 616_075700000000000_ΑΛΕ
|7 0
|9 313216
|a LISK
|b LISK
|c EUD
|d 2021-01-17
|e 24
|f 0
|g 0.00
|l 0
|o 616.0757 ΑΛΕ
|p 92410054966
|r 2021-01-17 00:00:00
|t 1
|w 2021-01-17
|y BK15
|x 20130208 0 1
|x GrPaTEI
|
| 952 |
|
|
|0 0
|1 0
|2 ddc
|4 0
|6 616_075000000000000_7_ΑΛΕ
|7 0
|9 370177
|a LISP
|b LISP
|c BSC
|d 2023-03-20
|i 54958
|l 0
|o 616.075 7 ΑΛΕ
|p 025000299235
|r 2023-03-20 00:00:00
|t 1
|w 2023-03-20
|y BK15
|
| 952 |
|
|
|0 0
|1 0
|2 ddc
|4 0
|6 616_075000000000000_7_ΑΛΕ
|7 0
|9 370178
|a LISP
|b LISP
|c BSC
|d 2023-03-20
|i 54965
|l 0
|o 616.075 7 ΑΛΕ
|p 025000299234
|r 2023-03-20 00:00:00
|t 2
|w 2023-03-20
|y BK15
|
| 952 |
|
|
|0 0
|1 0
|2 ddc
|4 0
|6 616_075000000000000_7_ΑΛΕ
|7 0
|9 370182
|a LISP
|b LISP
|c BSC
|d 2023-03-20
|i 558842
|l 1
|o 616.075 7 ΑΛΕ
|p 025000299233
|r 2024-03-12 00:00:00
|s 2024-02-21
|t 3
|w 2023-03-20
|y BK15
|
| 999 |
|
|
|c 179266
|d 179266
|
| 020 |
|
|
|a 9603720615
|
| 040 |
|
|
|a GrPaTEI
|b gre
|c GR-PaULI
|e AACR2
|
| 082 |
0 |
4 |
|a 616.075 7
|2 23
|
| 100 |
1 |
|
|a Αλειφερόπουλος, Δημήτριος
|9 196800
|e συγγραφέας.
|
| 245 |
1 |
0 |
|a Οστά και αρθρώσεις :
|b για τεχνολόγους - ακτινολόγους /
|c Δημ. Αλειφερόπουλος.
|
| 260 |
|
|
|a Αθήνα :
|b Λίτσας,
|c c2013
|
| 300 |
|
|
|a 149 σ. :
|b εικ. ;
|c 29 εκ.
|
| 504 |
|
|
|a Περιλαμβάνει βιβλιογραφία.
|
| 650 |
|
4 |
|a Οστά
|9 60245
|x Ασθένειες.
|
| 650 |
|
4 |
|a Διάγνωση, Ακτινοσκοπική
|9 43085
|
| 942 |
|
|
|2 ddc
|c BK
|
| 998 |
|
|
|c ΜΠΟΥΡΑΣ
|d 2023-03
|